000 00387nam a22001697a 4500
003 OSt
005 20211129121016.0
008 211129b |||||||| |||| 00| 0 eng d
020 _a8126110031
040 _chu
082 _a910
100 _aarvind w, dwivedi
_920935
245 _adata bank on geography
260 _anew delhi
_bhall
_c2001
300 _a294
942 _2ddc
_cBOOKS
_n0
999 _c20562
_d20562